[Event "EU-Cup 20th"]
[Site "Izmir"]
[Date "2004.10.05"]
[Round "3.3"]
[White "Bacrot, Etienne"]
[Black "Vukic, Milan"]
[Result "1-0"]
[WhiteElo "2718"]
[BlackElo "2474"]
[Annotator "Meulders,R"]
[PlyCount "59"]
[EventDate "2004.10.03"]
[EventType "team-swiss"]
[EventRounds "7"]
[EventCountry "TUR"]
[SourceTitle "CBM 104"]
[Source "ChessBase"]
[SourceDate "2005.01.27"]
[SourceVersion "1"]
[SourceVersionDate "2005.01.27"]
[SourceQuality "1"]
[WhiteTeam "Paris NAO"]
[BlackTeam "Sarajevo Zeljeznicar"]
[WhiteTeamCountry "FRA"]
[BlackTeamCountry "BIH"]

1. d4 Nf6 2. Nf3 d6 3. c4 Nbd7 4. Nc3 c6 5. e4 e5 6. Be2 Be7 7. O-O O-O 8. Rb1
Qc7 9. b4 exd4 {'?!' Ich glaube, Schwarz sollte nicht so schnell die Spannung
im Zentrum aufheben.} (9... a6) (9... Re8) 10. Nxd4 Re8 11. Re1 (11. f4 Bf8 12.
Bf3 a5 13. a3 axb4 14. axb4 Nb6 15. Qd3 Bg4 16. Bxg4 Nxg4 17. Bb2 Rab8 18. Nf5
$16 {0-1 Lugovoi,A-Petrosian,A/St Petersburg 1993/TD (28)}) 11... Bf8 12. Bf1
a6 13. Bg5 h6 14. Bh4 g6 15. f3 b6 16. a4 Bb7 17. Rc1 Bg7 18. Qd2 c5 19. Nd5
Qb8 (19... Nxd5 20. cxd5 Ne5 21. Nb3 g5 22. Bf2 f5 23. a5 fxe4 24. Rxe4 Qf7 25.
Rd1 cxb4 26. Bxb6 Qxf3 27. gxf3 (27. Rxe5 Qxb3) 27... Nxf3+ 28. Kf2 Nxd2 29.
Rxe8+ Rxe8 30. Rxd2 $14) 20. Nc2 (20. Nxf6+ $5 Nxf6 21. Nc2 $16) 20... Nxd5 21.
cxd5 cxb4 {'?!' Schon wieder hebt Schwarz die Spannung auf, aber obwohl er
Feld c5 für den N bekommt, ist das positionell m.E. verfehlt. Er hätte besser
die c-Linie geschlossen gehalten.} (21... Qc7 22. Ne3 Rac8 $14) 22. Qxb4 {'!'}
(22. Nxb4 Nc5 23. Qa2 $14) 22... a5 {'?' Na, das ist doch positioneller
Wahnsinn?} 23. Qb1 Ba6 24. Bxa6 {Weiß hat kein Bedenken seinen schlechten B zu
tauschen.} Rxa6 25. Bf2 {Man kann schon voraussagen, was Schwarz fertig machen
wird....} Rc8 26. Nd4 Nc5 (26... Bxd4 {ist auch keine Lösung; der weiße B wäre
souverän.} 27. Bxd4 {[%cal Gd4h8,Gd4b6]}) 27. Nc6 Qc7 28. Qb5 Raa8 29. Rc4 {
'+-!' Auch noch mal den schwachen a4-P erst decken.} Qd8 {'?!' Wem ein langes,
peinliches Leiden nicht gefällt, findet in Selbstmord eine prima Alternative.}
(29... Bf6 30. Rb1 Bd8 31. Bd4 $18) 30. Nxd8 1-0

[Event "EU-ch 2nd"]
[Site "Ohrid"]
[Date "2001.06.03"]
[Round "3"]
[White "Ionov, Sergey"]
[Black "Sturua, Zurab"]
[Result "0-1"]
[WhiteElo "2505"]
[BlackElo "2600"]
[Annotator "Meulders,R"]
[PlyCount "66"]
[EventDate "2001.06.01"]
[EventType "swiss"]
[EventRounds "13"]
[EventCountry "YUG"]
[SourceTitle "CBM 084"]
[Source "ChessBase"]
[SourceDate "2001.09.13"]
[SourceVersion "1"]
[SourceVersionDate "2001.09.13"]
[SourceQuality "1"]

1. d4 d6 2. Nf3 Nf6 3. c4 Nbd7 4. Nc3 e5 5. e4 Be7 6. Be2 O-O 7. O-O c6 8. Be3
a6 (8... Qc7 9. d5 c5 10. Nd2 Ne8 11. Rb1 g6 12. b4 cxb4 13. Rxb4 Nc5 14. Nb3
Bd7 15. Bh6 $1 Ng7 16. Nxc5 dxc5 17. Rb2 Rfd8 18. d6 $1 Qxd6 19. Qxd6 Bxd6 20.
Bg5 $16 {Danailov,S-Roth,P Wien op 1990 CBM/21}) 9. d5 cxd5 (9... c5 10. Ne1
Ne8 11. Qd2 h6 (11... g6 12. Nd3 Ng7 13. Bh6 Kh8 14. Kh1 Nf6 15. f4 Qc7 16.
fxe5 dxe5 17. Bg5 $18 {1-0 Rowson,J-Summerscale,A/Torquay 1998/CBM 66 ext (49)}
) 12. g3 Ndf6 13. f4 Ng4 14. Bxg4 Bxg4 15. fxe5 dxe5 16. Nd3 $16 {1-0 Wells,
P-Martin,A/Torquay 1998/CBM 66 ext (35)}) 10. cxd5 Ng4 (10... b5 11. Nd2 Nb6
12. a4 $1 bxa4 13. Nxa4 Nxa4 14. Rxa4 Bd7 15. Ra2 Qb8 16. f3 $14 {Polgar,
Zsu-Lobron,E Deutschland Cup 1989 CBM/16}) 11. Bd2 b5 12. b4 Nb6 13. a4 {
'+/=!' Ribli.} bxa4 14. Nxa4 f5 15. exf5 Bxf5 16. Nc3 {[%csl Ra6]} Qc8 17. Qb3
Kh8 18. Ra5 (18. Ng5 Bxg5 19. Bxg5 Qb7 20. f3 Nf6 21. Ra5 $14 {1/2-1/2 Titov,
G-Petrosian,A/Azov 1991/CBM 25/[Ribli] (49)}) 18... e4 19. Nd4 Bf6 {[%cal
Gf6a1]} 20. Ne6 (20. Nxf5 Qxf5 21. Bxg4 Qxg4 22. Be3 Nd7 23. h3 Qg6 24. Ne2 $16
{[%cal Ge2f4,Gf4e6] 1/2-1/2 Mohr,S-Hickl,J/Germany 1993/GER-chT (50)}) 20...
Re8 21. Bxg4 $2 {Es gab kein Grund diesen Läufer zu tauschen. Er hätte in der
Verteidigung des K noch gute Dienste leisten können, weil der beste Freund des
K (der N) vertrieben wurde.} (21. Rc1 $1) 21... Nc4 $1 {Ein überraschender
Zwischenzug.} (21... Bxg4 22. Nxe4 Nc4 23. Ra2 Bxe6 24. Nxf6 gxf6 25. dxe6 Qxe6
$14) 22. Bxf5 Nxd2 23. Qd1 Qxc3 24. Qh5 {Es sieht so aus als sitze Weiß am
längeren Hebel, aber Schwarz kann sich genügend verteidigen.} g6 $8 {Diagram 
[#]} 25. Bxg6 Re7 26. Rd1 Rg8 27. Qe2 $2 (27. Bf5 $1 Nf3+ $1 28. Kh1 Qb3 $1 29.
Rc1 Qb2 30. Rf1 Qe2 31. Rc1 $11) 27... Nf3+ 28. gxf3 exf3 $15 29. Qe1 Qc2 $1 {
[%cal Gc2g6,Gg6g2]} 30. Kh1 Qxg6 {[%csl Rg2]} 31. Qf1 Qh6 $19 {[%csl Rh2][%cal
Gf6e5,Gh6h2,Ge5h2,Gg8g2]} 32. Rxa6 Be5 33. h3 Rxe6 $1 (33... Rxe6 34. dxe6 Qf4
{[%csl Rh2]}) 0-1

[Event "Linares Anibal op 08th"]
[Site "Linares"]
[Date "2001.01.08"]
[Round "1"]
[White "Psakhis, Lev"]
[Black "Escobar Forero, Alder"]
[Result "1/2-1/2"]
[WhiteElo "2598"]
[BlackElo "2382"]
[Annotator "Meulders,R"]
[PlyCount "117"]
[EventDate "2001.01.08"]
[EventType "swiss"]
[EventRounds "11"]
[EventCountry "ESP"]
[SourceTitle "CBM 081"]
[Source "ChessBase"]
[SourceDate "2001.03.20"]
[SourceVersion "1"]
[SourceVersionDate "2001.03.20"]
[SourceQuality "1"]

1. d4 Nf6 2. c4 d6 3. Nf3 Nbd7 4. Nc3 e5 5. e4 Be7 6. Be2 O-O 7. O-O c6 8. Be3
Re8 9. d5 cxd5 $2 {M.E. nicht gut. Schwarz gibt die Kontrolle über das Zentrum
auf.} (9... c5 10. Ne1 Nb6 (10... Rf8 11. Nd3 Ne8 12. Qd2 g6 13. b4 b6 14. a4
f5 15. Bh6 Ng7 16. a5 Rb8 17. exf5 gxf5 18. Nb5 $16 {1-0 Van Wely,L-Saltaev,M/
Manila 1992 (43)}) 11. Rb1 h6 12. a3 Bd7 13. b3 Nh7 14. Bg4 Bg5 15. Bxg5 hxg5
16. Nd3 g6 17. Be2 $11 {1/2-1/2 Poluljahov,A-Kuzmin,G/Krasnodar 1998/(28)}) (
9... Ng4 10. Bd2 Ngf6 (10... Nf8 11. b4 Ng6 12. Ne1 Nf6 13. Nd3 Nd7 14. dxc6
bxc6 15. b5 c5 16. a4 $16 {1/2-1/2 Karolyi,T-Malaniuk,V/Frunze 1987 (27)}) 11.
b4 c5 12. a3 a5 13. bxa5 Rxa5 14. Ne1 Rf8 15. Nc2 Ne8 16. Ne3 g6 17. Bg4 Ng7
18. Qc2 Ra6 19. a4 Bg5 20. Bh3 f5 $14 {0-1 Furman,S-Spassky,B/Moscow 1961 (40)}
) 10. cxd5 a6 11. a4 $14 b6 12. Nd2 {[%csl Rb6,Rd6][%cal Gd2c4]} Bb7 13. f3 Nh5
14. g3 {/\f4->} g6 15. Nc4 Rb8 16. f4 exf4 17. gxf4 Ng7 18. Bf3 Bf8 (18... f5
19. e5 Rc8 20. Qb3 $18) 19. Bd4 {[%cal Rd4g7,Rd4b6]} Qc7 20. Ne3 (20. Qb3 $5
Ba8 21. Rfc1 $16) 20... Qd8 21. Qe1 (21. Qb3 $5) 21... Bc8 22. Qg3 $6 (22. b4
$1) 22... Nc5 $13 {[%csl Rb3]} 23. Ra3 $1 f5 24. b4 $5 {Führt nur zum
Ausgleich.} (24. e5 dxe5 25. Bxe5 (25. fxe5 Nce6 $1 $19) 25... Nd7 26. d6 $14)
24... Nxe4 25. Nxe4 fxe4 $15 26. Bg4 $44 Be7 $5 (26... Bxg4 $6 27. Qxg4 $1 (27.
Nxg4 Nf5 $19) 27... Qe7 28. f5 Qf7 29. Ra2 $16 {[%cal Ga2g2,Gg2g6]}) 27. Bxc8
Rxc8 (27... Qxc8 28. f5 $14) 28. f5 Bf6 29. Bxf6 Qxf6 30. fxg6 Qxg6 31. Qxg6
hxg6 32. Rf6 $11 Rc1+ 33. Kg2 Nh5 34. Rxg6+ Kh7 35. Rg4 Re5 36. b5 a5 37. h4
Rc7 38. Ra2 Rc3 39. Re2 Nf6 40. Rf4 Rxe3 41. Rxe3 Nxd5 42. Rexe4 Nxf4+ 43. Rxf4
Re3 44. Kf2 Ra3 45. Ke2 Kg7 46. Kd2 Rh3 47. Kc2 d5 48. Kd2 Kg6 49. Ke2 Ra3 50.
Kf2 Kh5 51. Rd4 Kg6 52. Ke2 Rh3 53. Rxd5 Rxh4 54. Rd6+ Kf5 55. Rxb6 Rxa4 56.
Kd3 Ke5 57. Kc3 Kd5 58. Kb3 Rb4+ 59. Ka3 1/2-1/2

[Event "Linklater Memorial"]
[Site "San Francisco"]
[Date "2001.03.05"]
[Round "8"]
[White "Shulman, Yuri"]
[Black "Krechetov, Alexandr"]
[Result "1-0"]
[WhiteElo "2543"]
[BlackElo "2300"]
[Annotator "Meulders,R"]
[PlyCount "59"]
[EventDate "2001.02.26"]
[EventType "tourn"]
[EventRounds "10"]
[EventCountry "USA"]
[EventCategory "8"]
[SourceTitle "CBM 082"]
[Source "ChessBase"]
[SourceDate "2001.05.17"]
[SourceVersion "1"]
[SourceVersionDate "2001.05.17"]
[SourceQuality "1"]

1. d4 Nf6 2. c4 d6 3. Nc3 Nbd7 4. e4 e5 5. Nf3 Be7 6. Be2 O-O 7. O-O c6 8. Be3
a6 (8... Ng4 9. Bd2 $14) 9. h3 ({Ueblicher ist} 9. d5 cxd5 10. cxd5 b5 (10...
Ne8 11. Rc1 g6 12. Nd2 Bg5 13. Bxg5 $16 {1-0 Kharitonov,A-Prokopchuk,E/
Novgorod 1999/CBM 69 ext (59)}) (10... Ng4 11. Bd2 b5 12. Ne1 Ngf6 13. Nc2 Nb6
$6 14. Nb4 $1 $146 Bd7 15. Rc1 Rc8 16. b3 $1 $14 {Shipov,S-Margolin,B/
Rethymnon 1995/Inf 65/[Shipov,S] (20)}) 11. Nd2 Ne8 (11... Qc7 12. Qb1 $5 {
[%cal Gf1c1,Gc1c7]} (12. Rc1 Qb7 (12... Qb8 13. b4 Nb6 14. Nb3 (14. a4 Nxa4 15.
Nxa4 bxa4 16. Qxa4 $16 {1-0 Levin,F-Zaid,L/Kiev 1986/EXT 97 (42)}) 14... Bd7
15. Na5 Rc8 16. Qd2 Ra7 17. Rc2 Rac7 18. Rfc1 h6 19. g3 Nh7 20. h4 {1-0 Stohl,
I-Grosse Kloenne,E/Pardubice 1994/EXT 97 (29)}) 13. f3 (13. a4 b4 14. Ncb1 Bd8
15. Nc4 Qb8 16. Nbd2 a5 17. Bd3 $14 {1/2-1/2 Van der Sterren,P-Hickl,J/San
Bernardino 1992/TD (29)}) 13... Bd8 14. b4 Bb6 15. Bf2 Ne8 16. g4 g6 17. Bd3
$14 {1-0 Esposito,L-Aranovitch,E/Celle Ligure 1995/EXT 99 (65)}) 12... Qb8 13.
b4 {[%cal Gd2b3,Gb3a5,Ga5c6]} Nb6 14. Nb3 $14 Bd7 (14... Ng4 15. Bxg4 Bxg4 16.
Na5 $14) (14... Nc4 $6 15. Bxc4 bxc4 16. Na5 $16) 15. Na5 {[%csl Yc6]} Rc8 16.
Rc1 $14 {1-0 Kozul,Z-Aronian,L/Portoroz 1999/CBM 72/[Ribli] (30)}) (11... Nb6
12. a4 $1 bxa4 13. Nxa4 Nxa4 14. Rxa4 Bd7 $1 15. Ra3 $5 $14 {Yakovich,
Y-Kremenietsky,A/Russia 1996/Inf 68/[Yakovich,Y] (21)}) 12. b4 Bg5 13. Bxg5
Qxg5 14. a4 bxa4 15. Nc4 Rb8 16. Qxa4 $14 {1/2-1/2 Psakhis,L-Herndl,H/Vienna
1998/EXT 2000 (29)}) 9... b5 10. a3 Bb7 11. Qc2 Re8 12. Rfd1 Qc7 13. Rac1 {
[%cal Gc1c7] Eine bekannte Stellung. Nach cxb5 wird Schwarz natürlich mit dem
cP zurücknehmen müssen (...axb5?? Nxb5)} exd4 {Es ist nicht üblich die
Spannung im Zentrum hier auf zu geben.} (13... Rac8 14. cxb5 (14. b4 Bf8 15. c5
exd4 16. cxd6 Bxd6 17. Nxd4 c5 $17 {1-0 Gurevich,D-Belorusets,M/Bad Zwesten
1997/CBM 57 ext (42)}) (14. Qb1 Qb8 15. dxe5 Nxe5 16. Nxe5 dxe5 17. c5 $14 {
1/2-1/2 Pribyl,J-Bus,M/Germany 1998/EXT 99 (82)}) 14... exd4 15. b6 Nxb6 16.
Nxd4 c5 17. Nf5 Bf8 18. Qd2 $14 {1/2-1/2 Leko,P-Izeta Txabarri,F/Yerevan 1996/
EXT 97 (41)}) 14. Nxd4 c5 {[%csl Rd5,Rf5] Eine drastische Methode um den Nd4
zu vertreiben.} (14... bxc4 15. Bxc4 Ne5 16. Be2 g6 17. f4 Ned7 18. Nf3 c5 $14)
15. Nf5 (15. Nf5) 15... Bf8 16. cxb5 {Der Beginn einer ziemlich langen
Variante, die Weiss keinen Vorteil liefert.} (16. f3 $5) 16... Nxe4 17. bxa6
Nxc3 18. axb7 Nxe2+ 19. Qxe2 Rab8 $1 20. Qd2 Re6 $1 {Schwarz verteidigt sich
ausgezeichnet.} 21. Bf4 Ne5 22. Bxe5 Rxe5 $11 23. Nxd6 $5 {Weder ein Übersehen
noch eine glanzvolle Kombination: bei genauester Verteidigung des
Nachziehenden würde ein Remis unausweichlich sein.} (23. Ne3 Qxb7 $11) 23...
Bxd6 24. Qxd6 Re1+ $1 25. Kh2 Qxd6+ 26. Rxd6 Rxc1 27. Rc6 Re1 $1 {Die Pointe:
der R kehrt rechtzeitig zurück.} 28. a4 $1 g6 $2 {Verliert!} (28... Kf8 $1 29.
Rc7 $1 Re7 30. Rc8+ Re8 31. Rc7 Re7 $11) 29. Rc8+ Re8 30. Rxe8+ {Und aufgegeben
} (30. Rxe8+ Rxe8 31. a5 Rb8 32. a6 {und die Umwandlung ist nicht zu
verhindern.}) 1-0

[Event "EU-Cup 21st"]
[Site "Saint Vincent"]
[Date "2005.09.24"]
[Round "7.4"]
[White "Nyback, Tomi"]
[Black "Vukic, Milan"]
[Result "1/2-1/2"]
[WhiteElo "2571"]
[BlackElo "2478"]
[Annotator "Meulders,R"]
[PlyCount "88"]
[EventDate "2005.09.18"]
[EventType "team-swiss"]
[EventRounds "7"]
[EventCountry "ITA"]
[SourceTitle "CBM 110"]
[Source "ChessBase"]
[SourceDate "2006.01.31"]
[SourceVersion "1"]
[SourceVersionDate "2006.01.31"]
[SourceQuality "1"]
[WhiteTeam "Werder Bremen"]
[BlackTeam "Sarajevo Zeljeznicar"]
[WhiteTeamCountry "GER"]
[BlackTeamCountry "BIH"]

1. d4 Nf6 2. c4 d6 3. Nf3 Nbd7 4. Nc3 c6 5. e4 e5 6. Be2 Be7 7. O-O O-O 8. Rb1
Qc7 9. b4 exd4 10. Nxd4 Re8 11. Re1 (11. f4 Bf8 12. Bf3 a5 13. a3 axb4 14. axb4
Nb6 15. Qd3 Bg4 16. Bxg4 Nxg4 17. Bb2 Rab8 $6 (17... Nf6 $14) 18. Nf5 $16 g6
19. Rf3 $4 (19. Nd4 $16) 19... gxf5 $19 {0-1 Lugovoi,A-Petrosian,A/St
Petersburg 1993 (28)}) 11... Bf8 12. Bf1 a5 (12... a6 13. Bg5 h6 14. Bh4 g6 15.
f3 b6 16. a4 Bb7 17. Rc1 Bg7 18. Qd2 c5 19. Nd5 Qb8 20. Nc2 Nxd5 21. cxd5 cxb4
$2 (21... Qc7 $14) 22. Qxb4 $16 a5 23. Qb1 Ba6 24. Bxa6 Rxa6 25. Bf2 Rc8 26.
Nd4 Nc5 27. Nc6 Qc7 28. Qb5 Raa8 29. Rc4 Qd8 $4 {1-0 Bacrot,E-Vukic,M/Izmir
2004 (29)}) 13. a3 axb4 14. axb4 Ne5 15. h3 h6 16. f4 Ng6 17. g3 Bd7 18. Bg2
Rad8 {Wie oft im Alt-Indischen - und sicher hier, wo es eher eine Igelstellung
gibt - ist es für Schwarz nicht leicht, aktiv zu werden ohne seine Stellung zu
sehr zu kompromittieren. Geduldig auf und ab zu gehen auf der unteren Reihe
ist nicht nach jedem Geschmack. Aber wenn Weiß aktiver wird, steigert sich
meistens auch das Lebensraum für Schwarz.} (18... Qc8 19. Kh2 Qd8 $14) 19. Kh2
Bc8 20. Qf3 Bd7 21. Be3 Ra8 {Aha, ein freier Platz auf a3!} 22. Qf2 Ra3 23. Qb2
Raa8 24. Nb3 h5 {[%csl Rf4][%cal Gh5h4]} 25. Qf2 h4 $1 26. Nd4 (26. g4 $2 Bxg4
{[%csl Rf2,Rh2][%cal Gf6g4]}) (26. gxh4 d5 {ist ein typisches Igelmanöver: h5
und d5. Der Trick besteht darin den passenden Augenblick zu wählen...}) 26...
hxg3+ 27. Qxg3 Ra3 {Die Katze ist wieder da!} 28. Nde2 d5 $1 {[%csl Rb4,Rc4,
Re4,Rf4] Wie üblich macht das befreiende ...d5 eine enorme Energie frei.} 29.
cxd5 Nh5 {[%csl Rf4,Rg3]} 30. Qf3 Nhxf4 31. Bxf4 Nxf4 32. Nxf4 Bd6 {Die Pointe.
} 33. Rf1 cxd5 {[%csl Rc3]} 34. Rbc1 d4 $1 35. Ncd5 Rxf3 36. Rxc7 Rxf1 37. Bxf1
Bxc7 ({Stärker ist} 37... Bc6 $1 38. Kg1 Bxc7 39. Nxc7 Rxe4 40. Ng2 Re5 $19)
38. Nxc7 Rxe4 39. Nd3 b6 $6 (39... Re3 $1 40. Nd5 Rf3 $19) 40. Nd5 Bb5 41. Nf2
Re5 42. Bxb5 Rxd5 43. Bc4 Re5 44. Kg3 Re3+ $17 {Schwarz steht noch immer klar
besser, und hätte auf Gewinn spielen können.} (44... Re3+ 45. Kg2 (45. Kg4 g6
46. h4 Kg7 47. Kf4 f5 48. h5 gxh5 49. Bd3 h4 50. Bxf5 Re2 51. Ne4 Rb2 $19)
45... g5 $19) 1/2-1/2

[Event "EU-Cup 21st"]
[Site "Saint Vincent"]
[Date "2005.09.20"]
[Round "3.4"]
[White "Sakaev, Konstantin"]
[Black "Vukic, Milan"]
[Result "1-0"]
[WhiteElo "2669"]
[BlackElo "2478"]
[Annotator "Meulders,R"]
[PlyCount "93"]
[EventDate "2005.09.18"]
[EventType "team-swiss"]
[EventRounds "7"]
[EventCountry "ITA"]
[SourceTitle "CBM 110"]
[Source "ChessBase"]
[SourceDate "2006.01.31"]
[SourceVersion "1"]
[SourceVersionDate "2006.01.31"]
[SourceQuality "1"]
[WhiteTeam "Cheliabinsk"]
[BlackTeam "Sarajevo Zeljeznicar"]
[WhiteTeamCountry "RUS"]
[BlackTeamCountry "BIH"]

1. d4 Nf6 2. c4 d6 3. Nf3 Nbd7 4. Nc3 c6 5. e4 e5 6. Be2 Be7 7. O-O O-O 8. Be3
Re8 9. d5 c5 ({Aktiver ist} 9... Ng4 {z.B.} 10. Bd2 Ngf6 (10... Nf8 11. b4 Ng6
12. Ne1 Nf6 13. Nd3 Nd7 14. dxc6 bxc6 15. b5 c5 16. a4 Bg5 {Oft sieht man
diesen typischen Zug, um den schlechten Läufer abzutauschen.} 17. a5 Ndf8 18.
Nd5 $14 {1/2-1/2 Karolyi,T-Malaniuk,V/Frunze 1987 (27)}) 11. b4 c5 12. a3 a5
13. bxa5 Rxa5 14. Ne1 (14. Qb3 $14) 14... Rf8 15. Nc2 Ne8 16. Ne3 g6 17. Bg4
Ng7 18. Qc2 Ra6 19. a4 Bg5 20. Bh3 f5 21. exf5 gxf5 {0-1 Furman,S-Spassky,B/
Moscow 1961 (40) mit aktivem Gegenspiel.}) 10. Rb1 Nf8 11. b4 b6 12. bxc5 bxc5
{[%csl Rg4][%cal Gf5g4]} 13. Nd2 {Verhindert den Sprung nach g4. Das gleiche
Ziel hätte h3 verfolgt.} Ng6 {[%csl Rf4]} 14. g3 $6 {Schwächt den Königsflügel.
} Bh3 15. Re1 Qd7 {Schwarz steht bequem und Weiß muss abwarten.} 16. f3 (16. f4
$2 exf4 17. gxf4 Ng4 $17) 16... Reb8 17. Qa4 Qxa4 18. Nxa4 Bd7 19. Nc3 Bd8 20.
Rxb8 Rxb8 21. Nb3 Ne8 $6 (21... a6) 22. Bd3 Ne7 $6 {Zu passiv. Der Springer
stand gut auf g6, und macht nichts auf e7. Die schwarze Springer stehen jetzt
viel passiver als einige Züge zuvor.} (22... h6) 23. f4 f6 24. f5 Nc8 25. Rb1
Nc7 26. Bd2 Na6 27. a3 Nc7 28. Kg2 a6 29. Kf3 Ne8 30. g4 {Es ist instruktiv zu
sehen, wie Weiß allmählich hervorrückt, während Schwarz in seiner Passivität
erstickt.} Kf7 31. h3 $1 {Aus der Folge zeigt sich, wie wichtig es ist, dass
Weiß sich das Feld h4 für den König freihält. Augenscheinlich macht Weiß nur
einen Tempozug, den Schwarz nachahmt.} h6 $2 {[%csl Rg6][%cal Gf3g3,Gg3h4,
Gh4h5,Gh5g6]} 32. Ke2 Nb6 33. Na5 Bc7 34. Nc6 $1 Rc8 35. a4 Kf8 36. a5 $18 Na8
37. Na4 {Wie ein unaufhaltsamer Panzer überrollt Weiß die schwarze Stellung.}
Bxc6 38. dxc6 Ke7 39. Rb7 Rb8 40. Nc3 {[%csl Re7][%cal Gc3d5] Deckt Pa5 auf
taktische Weise.} Kd8 41. Nd5 Kc8 42. Ne7+ Kd8 43. Nd5 Kc8 44. Bc2 $1 Bd8 (
44... Rxb7 $4 45. cxb7+ Kxb7 46. Ba4 {[%csl Re8]}) 45. Ba4 Bc7 {Die schwarze
Springer stehen jetzt supertrostlos; eine solche Ohnmacht ist sehr selten zu
sehen.} 46. Kf3 $1 {[%csl Re8,Rg7][%cal Gf3g3,Gg3h4,Gh4h5,Gh5g6,Gg6f7] Der
König als Henker, oder eher als Ratte, die sich in die schwarze Stellung
hineinfressen wird.} Bd8 47. Kg3 1-0

[Event "Bundesliga 0506"]
[Site "Germany"]
[Date "2005.11.12"]
[Round "3.7"]
[White "Dautov, Rustem"]
[Black "Miltner, Arndt"]
[Result "1/2-1/2"]
[WhiteElo "2581"]
[BlackElo "2400"]
[Annotator "Meulders,R"]
[PlyCount "51"]
[EventDate "2005.10.21"]
[EventType "team-tourn"]
[EventRounds "15"]
[EventCountry "GER"]
[SourceTitle "CBM 110"]
[Source "ChessBase"]
[SourceDate "2006.01.31"]
[SourceVersion "1"]
[SourceVersionDate "2006.01.31"]
[SourceQuality "1"]
[WhiteTeam "Baden-Baden"]
[BlackTeam "Eppingen"]
[WhiteTeamCountry "GER"]
[BlackTeamCountry "GER"]

1. d4 d6 2. Nf3 Nf6 3. c4 Nbd7 4. Nc3 e5 5. e4 Be7 6. Be2 O-O 7. O-O c6 8. Re1
a6 9. Bf1 Qc7 10. h3 Re8 11. Bg5 h6 12. Bh4 ({Meines Erachtens ist} 12. Be3 {
stärker. Via h4 gerät der B etwas ins Abseits. Er drückt zwar später auf d6,
aber dieser Punkt ist leicht zu decken oder zu blockieren.} b5 (12... Nf8 13.
a3 b5 14. Rc1 Qb8 15. b4 N6d7 16. d5 Bb7 17. a4 $16 {1-0 Davidov,E-Krasnov,V/
Yaroslavl 1995 (49)}) 13. a3 Bb7 14. Rc1 Qb8 15. Rc2 Bf8 16. dxe5 dxe5 17. Nh4
g6 18. Rd2 Qc7 19. Qb3 {[%csl Rg6,Rg8][%cal Gb3f7,Gh4g6]} Nc5 20. Bxc5 Bxc5 21.
cxb5 cxb5 22. Nxg6 Rad8 23. Rc2 Qb6 24. Nh4 Bd4 25. Nf5 $16 {1-0 Tregubov,
P-Espig,L/Berlin 1997 (37)}) 12... b5 $1 (12... exd4 13. Nxd4 Bf8 14. Qd2 g6
15. Rad1 b6 16. Nc2 Bb7 17. Bg3 Nc5 18. Qd4 Re6 19. e5 dxe5 20. Bxe5 Qe7 21.
Bxf6 (21. b4 $1 Ncd7 22. Bxf6 Nxf6 23. Qxb6 $18) 21... Qxf6 22. Qxf6 Rxf6 23.
b4 $14 {1-0 Banikas,H-Tosic,M/Panormo 1998 (45)}) 13. a3 exd4 14. Nxd4 Ne5 $11
{Schwarz hat aktives Spiel.} 15. cxb5 axb5 16. Bg3 (16. Rc1 {[%csl Rc7][%cal
Gc3b5]}) 16... Bd7 17. f4 Ng6 18. Qf3 b4 $1 19. axb4 Rxa1 20. Rxa1 Qb6 {
[%csl Rb4,Rd4,Rg1][%cal Gb6b4,Gb6d4,Gd4g1]} 21. Bf2 Qxb4 $15 22. Ra2 Bd8 23.
Nc2 Qb3 24. Nd4 Qb4 25. Nc2 Qb3 26. Nd4 {Der GM is ganz zufrieden mit der
Zugwiederholung.} 1/2-1/2

[Event "RUS-Cup4"]
[Site "Perm"]
[Date "1997.02.13"]
[Round "6"]
[White "Temirbayev, Serikbay"]
[Black "Peregudov, Nickolai"]
[Result "0-1"]
[WhiteElo "2495"]
[BlackElo "2350"]
[Annotator "Meulders,R"]
[PlyCount "86"]
[EventDate "1997.02.02"]
[EventType "swiss"]
[EventRounds "9"]
[EventCountry "RUS"]
[SourceTitle "CBM 058"]
[Source "ChessBase"]
[SourceDate "1997.06.01"]
[SourceVersion "1"]
[SourceVersionDate "1997.06.01"]
[SourceQuality "1"]

1. d4 {Petursson} Nf6 2. c4 d6 3. Nc3 e5 4. Nf3 Nbd7 5. g3 c6 6. Bg2 Be7 7. O-O
O-O 8. e4 a6 9. d5 cxd5 10. cxd5 b5 11. Re1 Nb6 12. a3 Ne8 13. b3 Bd7 14. Be3
g6 15. a4 bxa4 16. Nxa4 Nxa4 17. bxa4 f5 18. exf5 gxf5 19. a5 Bf6 20. Bb6 Qe7
21. Nd4 Ng7 22. Rc1 Rfc8 23. Nc6 Qf7 24. Bf1 Bg5 25. Rc4 f4 26. Nb4 Rf8 27. Rc3
Bd8 28. Qd2 Bxb6 29. axb6 Rab8 30. Rc7 Rxb6 31. Nc6 Kh8 32. Bg2 fxg3 33. hxg3
Ne8 34. Ra7 Nf6 35. Bh3 Rb5 36. Be6 Qg7 37. Rxa6 Be8 38. Ra4 $2 (38. Ra7) 38...
Rb3 39. Ra7 $2 Rb7 $2 (39... Rxg3+ $1) 40. Ra8 $2 (40. Rxb7 $11) 40... Rb3 41.
Ra7 $2 (41. Kg2 $2 Nh5 $1 42. Re3 Nf4+ $19) (41. Re3 $2 Rb1+ 42. Kg2 Qh6 43.
Bh3 Ne4 $1) (41. Raa1 $1 {[] /\ 41...Rxg3?? 42.fxg3 Qxg3 43.Qg2-}) 41... Rxg3+
42. Kh2 {White had to accept the sacrifice, when he can still fight for a draw
pawn down in a difficult ending:} (42. fxg3 Qxg3+ 43. Kh1 Ne4 (43... Qh4+ 44.
Kg2 Ng4 45. Rxh7+ Kxh7 46. Rh1 Rf2+ 47. Qxf2 Qxh1+ 48. Kxh1 Nxf2+ 49. Kg2 Ne4
$17) (43... Bh5 $2 44. Re3 Bf3+ 45. Rxf3 Qxf3+ 46. Qg2 $16) 44. Rxh7+ Kxh7 45.
Qh2+ Qxh2+ 46. Kxh2 Nc5 $19 {/-/+} (46... Ng5 $17 {Petursson})) 42... Rg2+ 43.
Kh1 Nd7 0-1